| 000 | 00672nam a22002055i 4500 | ||
|---|---|---|---|
| 001 | 164230 | ||
| 003 | ES-MaACL | ||
| 005 | 20240228155330.0 | ||
| 008 | 940615s1887 sp |||| | spa d | ||
| 040 |
_aAR _bspa |
||
| 100 | 1 |
_aSaavedra Fajardo, Diego de. _9101141 |
|
| 245 | 1 | 0 |
_aCorona Gotica / _cDiego de Saavedra Fajardo. |
| 260 |
_aBarcelona : _bDaniel Cortezo, _c1887. |
||
| 300 |
_aXI, 312 p. ; _c20 cm. |
||
| 490 | 1 | _aBiblioteca Clásica Española | |
| 651 | 7 |
_aEspaña- _xHistoria- _y0414-0711, Época visigoda _2 _9162046 |
|
| 830 | 0 |
_aBiblioteca Clásica Española _9182443 |
|
| 852 |
_aES-MaACL _jB-1059 _z-- Enc. tela |
||
| 999 |
_c164230 _d164230 |
||